Familia y sistema de bienestar (Record no. 16392)

MARC details
000 -LEADER
campo de control de longitud fija 01043nam a2200301 i 4500
001 - NÚMERO DE CONTROL
campo de control 16392
003 - IDENTIFICADOR DE NÚMERO DE CONTROL
campo de control ES-MaACL
005 - FECHA Y HORA DE LA ÚLTIMA TRANSACCIÓN
campo de control 20230906151317.0
007 - CAMPO FIJO DE DESCRIPCIÓN FÍSICA--INFORMACIÓN GENERAL
campo de control de longitud fija t|
008 - DATOS DE LONGITUD FIJA--INFORMACIÓN GENERAL
campo de control de longitud fija 000907s1998 sp ||||1| spa d
020 ## - NÚMERO INTERNACIONAL ESTÁNDAR DEL LIBRO
Número Internacional Estándar del Libro 84-7774-231-6
080 ## - NÚMERO DE LA CLASIFICACIÓN DECIMAL UNIVERSAL
Número de la Clasificación Decimal Universal 316.356.62(460)"19"
080 ## - NÚMERO DE LA CLASIFICACIÓN DECIMAL UNIVERSAL
Número de la Clasificación Decimal Universal 316.323.65(460)
100 1# - ENTRADA PRINCIPAL--NOMBRE DE PERSONA
Nombre de persona Pérez Díaz, Víctor.
9 (RLIN) 90833
245 10 - MENCIÓN DEL TÍTULO
Título Familia y sistema de bienestar
Resto del título : la experiencia española con el paro, las pensiones, la sanidad y la educación /
Mención de responsabilidad, etc. Víctor Pérez-Díaz, Elisa Chulía, Berta Alvarez-Miranda.
260 ## - PUBLICACIÓN, DISTRIBUCIÓN, ETC.
Lugar de publicación, distribución, etc. Madrid :
Nombre del editor, distribuidor, etc. Fundación Argentaria :
-- Visor,
Fecha de publicación, distribución, etc. [1998]
300 ## - DESCRIPCIÓN FÍSICA
Extensión 184 p. ;
Dimensiones 24 cm.
490 1# - MENCIÓN DE SERIE
Mención de serie Igualdad ;
Designación de volumen o secuencia 11
650 #4 - PUNTO DE ACCESO ADICIONAL DE MATERIA--TÉRMINO DE MATERIA
Término de materia o nombre geográfico como elemento de entrada Familias-
Subdivisión geográfica España.
9 (RLIN) 153338
650 #4 - PUNTO DE ACCESO ADICIONAL DE MATERIA--TÉRMINO DE MATERIA
Término de materia o nombre geográfico como elemento de entrada Bienestar social-
Subdivisión geográfica España.
9 (RLIN) 10560
650 #4 - PUNTO DE ACCESO ADICIONAL DE MATERIA--TÉRMINO DE MATERIA
Término de materia o nombre geográfico como elemento de entrada Familia y enseñanza.
9 (RLIN) 160891
700 1# - ENTRADA AGREGADA--NOMBRE PERSONAL
Nombre de persona Chuliá, Elisa.
9 (RLIN) 38692
700 1# - ENTRADA AGREGADA--NOMBRE PERSONAL
Nombre de persona Álvarez-Miranda, Berta.
9 (RLIN) 20882
710 2# - ENTRADA AGREGADA--NOMBRE DE ENTIDAD CORPORATIVA
Nombre de entidad corporativa o nombre de jurisdicción como elemento de entrada Fundación Argentaria.
9 (RLIN) 4221
830 1# - PUNTO DE ACCESO ADICIONAL DE SERIE-TÍTULO UNIFORME
Título uniforme Igualdad ;
Designación de volumen o secuencia 11
9 (RLIN) 179963
852 ## - LOCALIZACIÓN
Ubicación ES-MaACL
Número de control de estantería L-23467
Holdings
Estatus retirado Estado de pérdida Estado de daño No para préstamo Biblioteca de origen Biblioteca actual Ubicación en estantería Fecha de adquisición Fuente de adquisición Total de préstamos Signatura topográfica completa Código de barras Visto por última vez Precio de reemplazo Tipo de ítem Koha
        Biblioteca del Ateneo de Madrid Biblioteca del Ateneo de Madrid Depósito 2 17/01/2008     L-23467 1016654 23/02/2023 23/02/2023 Libro impreso